000 00351 a2200157 4500
001 190152
020 _a85-7605-069-2
040 _cMagnum
100 _aCosta, Liliane Carneiro
240 1 0 _aMomento de decisão
_lpor
245 1 0 _aMomento de decisão
300 _a240
362 0 _a2006
697 _aECONOMIA E DISCIPLINAS AFINS
942 _cBK
999 _c190152
_d190152